[Event "Charleroi op"]
[Site "Charleroi"]
[Date "2013.07.28"]
[Round "2"]
[White "Le Quang, Kim"]
[Black "Bruno, Ricardo"]
[Result "1-0"]
[WhiteElo "2242"]
[BlackElo "1927"]
[PlyCount "67"]
[EventDate "2013.07.27"]
[EventType "swiss"]
[EventRounds "9"]
[EventCountry "BEL"]
[SourceTitle "CBM 155 Extra"]
[Source "ChessBase"]
[SourceDate "2013.08.26"]
[SourceVersion "1"]
[SourceVersionDate "2013.08.26"]
[SourceQuality "1"]

1. e4 c5 2. Nc3 e6 3. f4 d5 4. Nf3 dxe4 5. Nxe4 Nc6 6. g3 Nf6 7. Nf2 Bd6 8. Bg2 0-0 9. 0-0 e5 10. fxe5 Nxe5 11. d3 Qc7 12. Bg5 Nfg4 13. Ne4 Be7 14. Bf4 f5 15. Nc3 Bf6 16. Nd5 Nxf3+ 17. Qxf3 Bd4+ 18. Kh1 Qf7 19. c3 Be5 20. Rae1 Bxf4 21. Qxf4 Bd7 22. h3 Qh5 23. Qd6 Rad8 24. Nf4 Qh6 25. Qxh6 Nxh6 26. Bxb7 Bc8 27. Bxc8 Rxc8 28. Re7 Rf7 29. Rfe1 g6 30. Kg2 Rc6 31. Re8+ Kg7 32. Ne6+ Kf6 33. Nd8 Rb6 34. R1e6+ 1-0

[Event "BEL-chT 1213"]
[Site "Belgium"]
[Date "2013.02.03"]
[Round "8.7"]
[White "Goormachtigh, Johan"]
[Black "Bruno, Ricardo"]
[Result "1/2-1/2"]
[WhiteElo "2177"]
[BlackElo "1913"]
[PlyCount "66"]
[EventDate "2012.09.23"]
[EventType "team-tourn"]
[EventRounds "11"]
[EventCountry "BEL"]
[SourceTitle "EXT 2014"]
[Source "ChessBase"]
[SourceDate "2013.11.20"]
[SourceVersion "1"]
[SourceVersionDate "2013.11.20"]
[SourceQuality "1"]
[WhiteTeam "KGSRL"]
[BlackTeam "Charleroi CREC"]
[WhiteTeamCountry "BEL"]
[BlackTeamCountry "BEL"]

1. d4 Nf6 2. c4 e6 3. Nc3 d5 4. cxd5 exd5 5. Bg5 Nbd7 6. e3 Be7 7. Bd3 0-0 8. Qc2 Re8 9. Nf3 Nf8 10. h3 g6 11. 0-0-0 Be6 12. g4 c5 13. Bb5 N6d7 14. Bxd7 Nxd7 15. Bxe7 Qxe7 16. dxc5 Qxc5 17. Nd4 Nb6 18. Nce2 Qa5 19. Kb1 Rac8 20. Qb3 Rc4 21. Qb5 Qxb5 22. Nxb5 Rc5 23. Nbc3 Nc4 24. Nf4 Na3+ 25. bxa3 Rxc3 26. Nxd5 Bxd5 27. Rxd5 Rec8 28. Rhd1 R8c6 29. Rb5 b6 30. Rb3 Rc2 31. Rb2 R2c3 32. Rb3 Rc2 33. Rb2 R2c3 1/2-1/2

[Event "Charleroi op"]
[Site "Charleroi"]
[Date "2012.07.29"]
[Round "2"]
[White "Bruno, Ricardo"]
[Black "Sarrau, Jelle"]
[Result "0-1"]
[WhiteElo "1940"]
[BlackElo "2306"]
[PlyCount "70"]
[EventDate "2012.07.28"]
[EventType "swiss"]
[EventRounds "9"]
[EventCountry "BEL"]
[SourceTitle "CBM 149 Extra"]
[Source "ChessBase"]
[SourceDate "2012.08.24"]
[SourceVersion "1"]
[SourceVersionDate "2012.08.24"]
[SourceQuality "1"]

1. d4 Nf6 2. Nf3 g6 3. Nc3 d5 4. Bf4 Bg7 5. e3 0-0 6. Be2 c5 7. Ne5 Nc6 8. 0-0 cxd4 9. exd4 Qb6 10. Nxc6 Qxc6 11. Qd2 a6 12. Bh6 b5 13. Bxg7 Kxg7 14. a3 Rb8 15. Na2 Bf5 16. c3 a5 17. Rfe1 Ne4 18. Qf4 Qd6 19. Qe3 Qf6 20. Bf3 h5 21. Bxe4 dxe4 22. Nc1 Qe6 23. Ne2 h4 24. h3 Rfc8 25. Red1 b4 26. axb4 axb4 27. Ra5 bxc3 28. bxc3 Rb2 29. d5 Qf6 30. Nd4 Bxh3 31. Nc6 Bd7 32. Rc5 Bxc6 33. dxc6 Rxc6 34. Rxc6 Qxc6 35. Qd4+ Qf6 0-1

[Event "Charleroi op"]
[Site "Charleroi"]
[Date "2011.08.02"]
[Round "5"]
[White "Cesar, Andre"]
[Black "Bruno, Ricardo"]
[Result "1/2-1/2"]
[WhiteElo "1851"]
[BlackElo "1954"]
[PlyCount "33"]
[EventDate "2011.07.30"]
[EventType "swiss"]
[EventRounds "9"]
[EventCountry "BEL"]
[SourceTitle "EXT 2012"]
[Source "ChessBase"]
[SourceDate "2011.11.24"]
[SourceVersion "1"]
[SourceVersionDate "2011.11.24"]
[SourceQuality "1"]

1. d4 Nf6 2. c4 e6 3. Nf3 c5 4. Nc3 cxd4 5. Nxd4 a6 6. g3 Qc7 7. Qd3 Nc6 8. Nxc6 Qxc6 9. e4 Bb4 10. Bg2 b6 11. 0-0 Bb7 12. a3 Bxc3 13. Qxc3 Rc8 14. Bg5 Ke7 15. Rac1 h6 16. Be3 d6 17. Qd4 1/2-1/2

[Event "Charleroi op 5th"]
[Site "Charleroi"]
[Date "2006.08.02"]
[Round "6"]
[White "Vanhee, Freddy"]
[Black "Bruno, Ricardo"]
[Result "1/2-1/2"]
[WhiteElo "2005"]
[BlackElo "1892"]
[PlyCount "48"]
[EventDate "2006.07.29"]
[EventType "swiss"]
[EventRounds "9"]
[EventCountry "BEL"]
[SourceTitle "CBM 113 Extra"]
[Source "ChessBase"]
[SourceDate "2006.09.14"]
[SourceVersion "1"]
[SourceVersionDate "2006.09.14"]
[SourceQuality "1"]

1. d4 d5 2. Bf4 Nf6 3. e3 c5 4. c3 Qb6 5. Qc2 Nc6 6. Nd2 cxd4 7. exd4 Bg4 8. Bd3 Rc8 9. Qb3 Qxb3 10. axb3 e6 11. Ngf3 a6 12. 0-0 Be7 13. Ne5 Nxe5 14. Bxe5 0-0 15. b4 Ra8 16. Ra2 Nd7 17. Rfa1 Nxe5 18. dxe5 d4 19. Nc4 Rad8 20. Be4 Be2 21. Nd6 Bxd6 22. exd6 Rxd6 23. cxd4 Rxd4 24. Bxb7 Rfd8 1/2-1/2

[Event "Avoine op 21th"]
[Site "Avoine"]
[Date "2006.07.28"]
[Round "9"]
[White "Guilleux, Fabien"]
[Black "Bruno, Ricardo"]
[Result "1/2-1/2"]
[WhiteElo "2055"]
[BlackElo "1892"]
[PlyCount "36"]
[EventDate "2006.07.22"]
[EventType "swiss"]
[EventRounds "9"]
[EventCountry "FRA"]
[SourceTitle "EXT 2007"]
[Source "ChessBase"]
[SourceDate "2006.11.23"]
[SourceVersion "1"]
[SourceVersionDate "2006.11.23"]
[SourceQuality "1"]

1. e4 c5 2. c3 Nf6 3. e5 Nd5 4. d4 cxd4 5. Nf3 e6 6. cxd4 d6 7. Nc3 Nc6 8. Nxd5 exd5 9. Bd3 dxe5 10. dxe5 Be7 11. 0-0 0-0 12. h3 Be6 13. Bf4 Rc8 14. Rc1 f6 15. Qd2 fxe5 16. Nxe5 Nxe5 17. Bxe5 Bd6 18. Bxd6 Qxd6 1/2-1/2

[Event "Avoine op 21th"]
[Site "Avoine"]
[Date "2006.07.25"]
[Round "4"]
[White "Bruno, Ricardo"]
[Black "Jankowski, Johnny"]
[Result "0-1"]
[WhiteElo "1892"]
[BlackElo "2000"]
[PlyCount "101"]
[EventDate "2006.07.22"]
[EventType "swiss"]
[EventRounds "9"]
[EventCountry "FRA"]
[SourceTitle "EXT 2007"]
[Source "ChessBase"]
[SourceDate "2006.11.23"]
[SourceVersion "1"]
[SourceVersionDate "2006.11.23"]
[SourceQuality "1"]

1. d4 d5 2. c4 c6 3. cxd5 cxd5 4. Nc3 Nc6 5. Nf3 Bf5 6. Bf4 e6 7. a3 Nf6 8. e3 Bd6 9. Bxd6 Qxd6 10. Bd3 Bxd3 11. Qxd3 0-0 12. 0-0 Rad8 13. Rfd1 a6 14. Rac1 Na5 15. Na4 Nc4 16. Rc2 Ne4 17. b4 b5 18. Nc5 Nxc5 19. dxc5 Qe7 20. Ra2 Qf6 21. Qd4 e5 22. Qh4 Qe6 23. Raa1 f5 24. Re1 h6 25. Qh5 g5 26. g3 g4 27. Nh4 Rf6 28. a4 Rb8 29. Re2 bxa4 30. Rxa4 a5 31. Rea2 d4 32. exd4 exd4 33. Ng2 Qe4 34. Ra1 Nd2 35. Rxa5 Nf3+ 36. Kh1 Ng5 37. Re1 Qc6 38. b5 Rxb5 39. Re8+ Kg7 40. Ra7+ Nf7 41. Re1 Rxc5 42. h4 Rc1 43. Ra1 Rxa1 44. Rxa1 d3 45. Kh2 Qf3 46. Rf1 d2 47. Ne3 Qe2 48. Kg2 Qf3+ 49. Kh2 Nd6 50. Kg1 Re6 51. Ng2 0-1

[Event "Avoine op 21th"]
[Site "Avoine"]
[Date "2006.07.24"]
[Round "1"]
[White "Bruno, Ricardo"]
[Black "Dufour, Mickael"]
[Result "0-1"]
[WhiteElo "1892"]
[BlackElo "1936"]
[PlyCount "96"]
[EventDate "2006.07.22"]
[EventType "swiss"]
[EventRounds "9"]
[EventCountry "FRA"]
[SourceTitle "EXT 2007"]
[Source "ChessBase"]
[SourceDate "2006.11.23"]
[SourceVersion "1"]
[SourceVersionDate "2006.11.23"]
[SourceQuality "1"]

1. d4 c6 2. c4 d5 3. cxd5 cxd5 4. Nf3 Nf6 5. Nc3 e6 6. Bf4 Nc6 7. e3 Bb4 8. Bd3 Bd7 9. 0-0 a6 10. Rc1 Rc8 11. a3 Bxc3 12. Rxc3 Na5 13. Qc2 0-0 14. Bc7 Rxc7 15. Rxc7 Bc6 16. Rxc6 Nxc6 17. Ne5 Nxe5 18. dxe5 Ng4 19. Bxh7+ Kh8 20. Bd3 Nxe5 21. Be2 Qc8 22. Rc1 Qxc2 23. Rxc2 Rd8 24. Rc7 Rd7 25. Rxd7 Nxd7 26. Kf1 Kg8 27. Ke1 Kf8 28. Kd2 Ke7 29. h4 Kd6 30. Bh5 f6 31. f4 Nc5 32. Bf3 e5 33. g4 exf4 34. exf4 Ne6 35. f5 Nd4 36. Bd1 Ke5 37. Ke3 Nc6 38. Kd3 Kf4 39. Kc3 Ne5 40. g5 fxg5 41. hxg5 Kxg5 42. Bc2 Nc6 43. b4 Ne7 44. Kd4 Nxf5+ 45. Ke5 Ne3 46. Bb3 Kh4 47. Kf4 Nc4 48. a4 g5+ 0-1